Being sixteen : (Record no. 88882)
[ view plain ]
| 000 -LEADER | |
|---|---|
| fixed length control field | 01586cam a2200385 a 4500 |
| 001 - CONTROL NUMBER | |
| control field | 15855761 |
| 005 - DATE AND TIME OF LATEST TRANSACTION | |
| control field | 20241220133542.0 |
| 092 ## - LOCALLY ASSIGNED DEWEY CALL NUMBER (OCLC) | |
| Classification number | CONDIE |
| 008 - FIXED-LENGTH DATA ELEMENTS--GENERAL INFORMATION | |
| fixed length control field | 090805s2010 utu d 000 f eng c |
| 010 ## - LIBRARY OF CONGRESS CONTROL NUMBER | |
| LC control number | 2009031910 |
| 020 ## - INTERNATIONAL STANDARD BOOK NUMBER | |
| International Standard Book Number | 9781606412336 (paperbound) |
| 040 ## - CATALOGING SOURCE | |
| Original cataloging agency | UPB/DLC |
| Transcribing agency | DLC |
| Modifying agency | DLC |
| 042 ## - AUTHENTICATION CODE | |
| Authentication code | pcc |
| -- | lcac |
| 050 00 - LIBRARY OF CONGRESS CALL NUMBER | |
| Classification number | PZ7.C7586 |
| Item number | Be 2010 |
| 082 00 - DEWEY DECIMAL CLASSIFICATION NUMBER | |
| Classification number | [Fic] |
| Edition number | 22 |
| 100 1# - MAIN ENTRY--PERSONAL NAME | |
| Personal name | Condie, Allyson Braithwaite. |
| 9 (RLIN) | 55769 |
| 245 10 - TITLE STATEMENT | |
| Title | Being sixteen : |
| Remainder of title | a novel / |
| Statement of responsibility, etc | by Allyson Braithwaite Condie. |
| 260 ## - PUBLICATION, DISTRIBUTION, ETC. (IMPRINT) | |
| Place of publication, distribution, etc | Salt Lake City, Utah : |
| Name of publisher, distributor, etc | Deseret Book, |
| Date of publication, distribution, etc | c2010. |
| 300 ## - PHYSICAL DESCRIPTION | |
| Extent | 249 p. ; |
| Dimensions | 23 cm. |
| 520 ## - SUMMARY, ETC. | |
| Summary, etc | The year Juliet turns sixteen includes everything from her first date to getting kicked off the basketball team, but when her younger sister, Carly, develops an eating disorder, Juliet must rely on her family and her faith for strength. |
| 655 #0 - INDEX TERM--GENRE/FORM | |
| Genre/form data or focus term | American fiction |
| Form subdivision | 21st century. |
| 9 (RLIN) | 6516033 |
| 650 #1 - SUBJECT ADDED ENTRY--TOPICAL TERM | |
| Topical term or geographic name as entry element | Sisters |
| Form subdivision | Fiction. |
| 9 (RLIN) | 5674091 |
| 650 #1 - SUBJECT ADDED ENTRY--TOPICAL TERM | |
| Topical term or geographic name as entry element | Dating (Social customs) |
| Form subdivision | Fiction. |
| 9 (RLIN) | 5675717 |
| 650 #1 - SUBJECT ADDED ENTRY--TOPICAL TERM | |
| Topical term or geographic name as entry element | High schools |
| Form subdivision | Fiction. |
| 9 (RLIN) | 5675716 |
| 650 #1 - SUBJECT ADDED ENTRY--TOPICAL TERM | |
| Topical term or geographic name as entry element | Schools |
| Form subdivision | Fiction. |
| 9 (RLIN) | 5673727 |
| 650 #1 - SUBJECT ADDED ENTRY--TOPICAL TERM | |
| Topical term or geographic name as entry element | Eating disorders |
| Form subdivision | Fiction. |
| 9 (RLIN) | 5730170 |
| 650 #1 - SUBJECT ADDED ENTRY--TOPICAL TERM | |
| Topical term or geographic name as entry element | Mormons |
| Form subdivision | Fiction. |
| 9 (RLIN) | 5674350 |
| 650 #1 - SUBJECT ADDED ENTRY--TOPICAL TERM | |
| Topical term or geographic name as entry element | Family life |
| Form subdivision | Fiction. |
| 9 (RLIN) | 5674038 |
| 906 ## - LOCAL DATA ELEMENT F, LDF (RLIN) | |
| a | 7 |
| b | cbc |
| c | orignew |
| d | 1 |
| e | ecip |
| f | 20 |
| g | y-gencatlg |
| 925 0# - | |
| -- | acquire |
| -- | 2 shelf copies |
| -- | policy default |
| 942 ## - ADDED ENTRY ELEMENTS (KOHA) | |
| Koha item type | BOOK |
| 955 ## - COPY-LEVEL INFORMATION (RLIN) | |
| -- | xc11 2010-09-03 c. 1 to BCCD |
| -- | re03 2010-09-03 added copy 2 |
| 985 ## - | |
| -- | UPBCIP |
| -- | 2009-08-05 |
| 998 ## - LOCAL CONTROL INFORMATION (RLIN) | |
| -- | a156927 |
| Withdrawn status | Lost status | Source of classification or shelving scheme | Damaged status | Not for loan | Collection code | Home library | Current library | Shelving location | Date acquired | Source of acquisition | Cost, normal purchase price | Total Checkouts | Total Renewals | Full call number | Barcode | Date last seen | Date checked out | Cost, replacement price | Price effective from | Koha item type |
|---|---|---|---|---|---|---|---|---|---|---|---|---|---|---|---|---|---|---|---|---|
| Dewey Decimal Classification | Young Adult Fiction | Wasatch County Library | Wasatch County Library | Main Floor Teen Area | 03/03/2010 | 15.99 | 50 | 7 | YA Condie | 34301001096900 | 07/14/2025 | 06/26/2025 | 15.99 | 03/20/2020 | BOOK |
